000 01461nam0a22002891 4500
001 rc\2674419
005 20250623152647.0
035 _a(NLR Aleph) 006802934
090 _a6262799
_c6262799
100 _a20110915d1932 |||y0rusy50 ca
101 1 _arus
_cfre
102 _aRU
105 _aa z |||||
200 1 _aРаспознавание возраста по зубам и производным эпителия лошади, коровы, овцы, свиньи, верблюда, собаки, кошки и домашних птиц
_eС 211 рис. в тексте
_fКорневен и Лесбр. (Ch. Cornevin et Lesbre), проф. Высш. вет. школы в Лионе
_gПер. с фр. Л. А. Третьякова, б. проф. Казан. вет. ин-та
_gПросмотрено проф. В. Михайловым
205 _a2-е изд.
210 _aМосква
_aЛенинград
_cГос. изд-во с.-х. и колхоз.-кооп. лит-ры
_d1932
_eЛенинград
_gтип. им. Евг. Соколовой
215 _aОбл., 247, [7] с., включ. тит. л., 2 с. объявл.
_cил.
_d23х15 см.
700 1 _aКорневен
_bШ.
_gШарль
701 1 _aЛесбр
702 1 _aТретьяков
_bЛ.А.
_4730
702 1 _aМихайлов
_bВ.
_4570
801 0 _aRU
_bNLR
_gpsbo
801 1 _aRU
_bELAR
_2rusmarc
852 _aNLR
_j32-4/762
942 _cBOOK
980 _aNB